| 000 | 00719nas a2200241 4500 | ||
|---|---|---|---|
| 001 | BR9201520 | ||
| 003 | BR-BrBNA | ||
| 005 | 20231205092419.0 | ||
| 007 | ta | ||
| 008 | 230509b bl.|||p| |||| 00| 00por d | ||
| 040 |
_aBR-BrBNA _bpor _cBiblioteca Nacional de Agricultura |
||
| 041 | _a(Pt) | ||
| 072 | _aL70 | ||
| 100 | 1 | _aTagliari, P.S. | |
| 245 | 1 | _aSanta Catarina investe na saude animal | |
| 246 | 1 | _a[Santa Catarina state invest in animal health! | |
| 650 | _aANIMAL DOMESTICO | ||
| 650 | _aSAUDE | ||
| 650 | _aSANTA CATARINA | ||
| 773 | 0 |
_tAgropecuaria Catarinense (Brazil) _xISSN 0103-0779 _g(Dec 1991), v. 4(4) p. 12-18 _wBR9201520 |
|
| 909 |
_a202311 _bLúcia _c55 _dLúcia Elande |
||
| 942 |
_2AGRIS _n0 _cANA |
||
| 999 |
_c131537 _d131537 |
||